| 000 | 00000nam 2200000zi 4500 |
| 001 | 9.897056 |
| 003 | CaOODSP |
| 005 | 20230516121710 |
| 006 | m o d f |
| 007 | cr cn||||||||| |
| 008 | 210302t20212021qucdb obs f000 0 fre d |
| 020 | |a9780660376592 |
| 040 | |aCaOODSP|bfre|erda|cCaOODSP |
| 043 | |an-cn--- |
| 086 | 1 |aEn4-144/11-2021F-PDF |
| 245 | 00|aIndicateurs canadiens de durabilité de l'environnement : |baires conservées au Canada. |
| 246 | 14|aAires conservées au Canada |
| 264 | 1|aGatineau QC : |bEnvironnement et changement climatique Canada = Environment and Climate Change Canada, |c2021. |
| 264 | 4|c©2021 |
| 300 | |a1 ressource en ligne (35 pages) : |bcartes, graphiques |
| 336 | |atexte|btxt|2rdacontent/fre |
| 337 | |ainformatique|bc|2rdamedia/fre |
| 338 | |aressource en ligne|bcr|2rdacarrier/fre |
| 500 | |aPublié aussi en anglais sous le titre : Canadian environmental sustainability indicators: Canada's conserved areas. |
| 500 | |aPublié aussi en format HTML. |
| 504 | |aComprend des références bibliographiques (page 19). |
| 650 | 6|aAires protégées|zCanada|vStatistiques. |
| 650 | 6|aIndicateurs écologiques|zCanada. |
| 655 | 7|aStatistiques|2rvmgf |
| 710 | 1 |aCanada. |bEnvironnement et changement climatique Canada, |eorganisme de publication. |
| 775 | 08|tCanadian environmental sustainability indicators : |w(CaOODSP)9.897055 |
| 794 | |tIndicateurs canadiens de durabilité de l'environnement : |b(Mai 2022)|w(CaOODSP)9.909819 |
| 795 | |tIndicateurs canadiens de durabilité de l'environnement : |b(Juillet 2020)|w(CaOODSP)9.887066 |
| 856 | 40|qPDF|s1.43 Mo|uhttps://publications.gc.ca/collections/collection_2021/eccc/en4-144/En4-144-11-2021-fra.pdf |
| 856 | 4 |qHTML|sS.O.|uhttps://www.canada.ca/fr/environnement-changement-climatique/services/indicateurs-environnementaux/aires-conservees.html |